| 000 | 00670nam a2200205 a 4500 | ||
|---|---|---|---|
| 001 | 000991829 | ||
| 003 | AM-YeHGA | ||
| 005 | 20250617150330.0 | ||
| 008 | 131108s1923 ||| r 000 0 rus d | ||
| 040 | _aAM-YeHGA | ||
| 041 | 1 |
_arus _hfre |
|
| 100 | 1 | _aРенар, Жорж | |
| 245 | 1 | 0 |
_aРеспублика 1848 г. (1848-1852) / _cЖорж Ренар. |
| 260 |
_aМосква ; _aПетроград : _bГосиздат, _c1923. |
||
| 300 | _a473 c. | ||
| 440 | 0 |
_aСоциально-историческая библиотека _v3 |
|
| 653 | 0 | _aФранция - История | |
| 653 | 0 | _aРеспубликанская Франция | |
| 090 | _c330765 | ||
| 999 |
_c329011 _d329011 |
||